00806nam a2200157 i 4500001000700000003000900007005001700016008004100033080002100074100002300095245009400118260006700212300002700279500009600306852024600402172983ES-MaACL20230906215110.0091001s1873 sp |||| | spa d a821.134.2-23"18"0 aCatalina, Mariano.13aEl Tasso b: drama histórico en tres actos y en verso / coriginal de Mariano Catalina. aMadrid : b[s.n.], c1873 (fInpr. de Antonio Pérez Dubrull) a105 p. : b ; c18 cm. aEn port.: Estrenada ... en el teatro del Circo la noche del martes 18 de febrero de 1873...1 aBA jF-8601(1) zEnc. pasta española q.- Falto de la cub. originalz.- Enc. en un vol. facticio formando parte de la col. facticia "Teatro Español moderno", vol. 54 z.- Legado Gustavo Sáenz Diez z.- Dedicatoria autógrafa del autor